Sports Quiz

Random Sports Quiz
Score 0/33 Timer 10:00
0 Plays Today
Answer % Correct
Shawn Green
90.8%
Ken Griffey, Jr.
88.8%
Ken Griffey
88.8%
Lou Gehrig
87.8%
Juan Gonzalez
85.7%
Luis Gonzalez
85.7%
Adrian Gonzalez
85.7%
Carlos Gonzalez
85.7%
Alex Gonzalez
85.7%
Hank Greenberg
78.6%
Vladimir Guerrero
65.3%
Pedro Guerrero
65.3%
Ron Gant
55.1%
Steve Garvey
54.1%
Gary Gaetti
51%
Andres Galarraga
50%
Troy Glaus
45.9%
Answer % Correct
Curtis Granderson
45.9%
Joe Gordon
45.9%
Sid Gordon
45.9%
Jason Giambi
42.9%
Charlie Gehringer
39.8%
Nomar Garciaparra
37.8%
Kirk Gibson
32.7%
Goose Goslin
32.7%
Bobby Grich
27.6%
Mark Grace
26.5%
Brian Giles
25.5%
Johnny Gomes
22.4%
Marquis Grissom
20.4%
Jose Guillen
18.4%
Oscar Gamble
15.3%
Jim GentileGentile
1%
Remove Ads.
Support Sporcle.
Get the best of Sporcle when you Go Orange. This ad-free experience offers more features, more stats, and more fun while also helping to support Sporcle. Thank you for becoming a member.

You're not logged in!

Compare scores with friends on all Sporcle quizzes.
OR
Log In

Show Comments

Extras

Created Aug 3, 2016SourceReportNominate
Tags:150, Hitter, home, last, run

Top Quizzes Today


Score Distribution

Your Account Isn't Verified!

In order to create a playlist on Sporcle, you need to verify the email address you used during registration. Go to your Sporcle Settings to finish the process.

Report this User

Report this user for behavior that violates our Community Guidelines.

Details: